Online
Catalog

Memorias y vivencias de un militar constitucionalista / (Record no. 20706)

MARC details
000 -CABECERA
campo de control de longitud fija 00580nam a2200169 a 4500
001 - NÚMERO DE CONTROL
campo de control 000021205
005 - FECHA Y HORA DE LA ÚLTIMA TRANSACCIÓN
campo de control 20200930011249.0
008 - DATOS DE LONGITUD FIJA--INFORMACIÓN GENERAL
campo de control de longitud fija 100902s2006 dr c 000 0 spa d
040 ## - FUENTE DE LA CATALOGACIÓN
Centro catalogador/agencia de origen DO-SdBNP
Lengua de catalogación spa
Centro/agencia transcriptor BNPHU
082 ## - NÚMERO DE LA CLASIFICACIÓN DECIMAL DEWEY
Número de clasificación xxx
Número de documento/Ítem P328m
049 ## - FONDOS LOCALES (OCLC)
Fondos de biblioteca BNPD
100 1# - ENTRADA PRINCIPAL--NOMBRE DE PERSONA
Nombre de persona Paulino Polanco, José del Carmen
9 (RLIN) 44328
245 10 - MENCIÓN DE TÍTULO
Título Memorias y vivencias de un militar constitucionalista /
Mención de responsabilidad, etc. José del Carmen Paulino Polanco.
260 ## - PUBLICACIÓN, DISTRIBUCIÓN, ETC.
Lugar de publicación, distribución, etc. San Pedro de Macorís :
Nombre del editor, distribuidor, etc. Impresos de León,
Fecha de publicación, distribución, etc. 2006.
300 ## - DESCRIPCIÓN FÍSICA
Extensión 152 p. :
Otras características físicas retrs. ;
Dimensiones 22 cm.
500 ## - NOTA GENERAL
Nota general Incluye datos biográficos del autor [151 p.]
Holdings
Estado de retiro Estado de pérdida No para préstamo Código de colección Localización permanente Ubicación/localización actual Ubicación en estantería Fecha de adquisición Número de inventario Total de préstamos Signatura topográfica completa Código de barras Fecha visto por última vez Número de copia Precio válido a partir de Tipo de ítem Koha Restricciones de uso Nota pública
    Excluido de préstamo Dominicana de Servicio General General Depósito 19.04.2011 LF1   xxx P328m 21205-30 25.06.2020 e. 3 25.06.2020 Libro y Folleto Colección Dominicana de Servicio    
      Dominicana de Servicio General General Depósito 13.07.2015 LF1   xxx P328m 21205-40 25.06.2020 e. 4 25.06.2020 Libro y Folleto Colección Dominicana de Servicio   Perteneció a la biblioteca personal de Chiqui Vicioso / Fidelio Despradel.
      Dominicana de Servicio General General Depósito 14.07.2015 LF1   xxx P328m 21205-50 25.06.2020 e. 5 25.06.2020 Libro y Folleto Colección Dominicana de Servicio    
    Excluido de préstamo Patrimonio Dominicano Patrimonio Dominicano Patrimonio Dominicano Depósito 02.09.2010 LF1   xxx P328m 21205-10 25.06.2020   25.06.2020 Libro y Folleto Colección Patrimonio Dominicano    
    Excluido de préstamo Patrimonio Dominicano Patrimonio Dominicano Patrimonio Dominicano Depósito 19.04.2011 LF1   xxx P328m 21205-20 25.06.2020 e. 2 25.06.2020 Libro y Folleto Colección Patrimonio Dominicano    

Powered by Koha